Missing Word: Harry Potter Places (A-Z) Quiz Stats

 Plays Quiz not verified by Sporcle

Support Sporcle.
Go Orange.
Score 0/25 Timer 03:00
0 Plays Today
Location Missing Word % Correct
Diagon _____Alley
98.7%
4 Privet _____Drive
95.6%
Platform _____ and Three-QuartersNine
91.2%
_____ Wizarding BankGringotts
89.3%
12 Grimmauld _____Place
87.3%
The _____ CauldronLeaky
86.9%
The Cupboard _____ the StairsUnder
86.6%
Florean Fortescue's _____ Cream ParlourIce
86%
Malfoy _____Manor
84.9%
The _____ BroomsticksThree
84.2%
_____ and BurkesBorgin
81.1%
_____ ShackShrieking
76.8%
_____ and BlottsFlourish
75.2%
Location Missing Word % Correct
Spinner's _____End
74.9%
Quality _____ SuppliesQuidditch
74.5%
Madam Malkin's _____ for All OccasionsRobes
73.8%
Shell _____Cottage
73.5%
_____ Lovegood's HouseXenophilius
71.2%
_____ Joke ShopZonko's
70.9%
_____ AlleyKnockturn
70.1%
Eeylops _____ EmporiumOwl
67.8%
Weasleys' Wizard _____Wheezes
66.7%
_____ 713Vault
58.1%
Little _____ graveyardHangleton
52.6%
Gambol and _____ Wizarding Joke ShopJapes
29.1%

You're not logged in!

Compare scores with friends on all Sporcle quizzes.
OR
Log In

From the Vault

The Doors Songs

by Ben

Faces look ugly when you're alone, women seem wicked when youre unwanted, streets are uneven when youre down.
Remove Ads.
Support Sporcle.
Get the best of Sporcle when you Go Orange. This ad-free experience offers more features, more stats, and more fun while also helping to support Sporcle. Thank you for becoming a member.

Show Comments

Extras

Top Quizzes Today


Score Distribution

Your Account Isn't Verified!

In order to create a playlist on Sporcle, you need to verify the email address you used during registration. Go to your Sporcle Settings to finish the process.

Report this User

Report this user for behavior that violates our Community Guidelines.

Details: